Normal view
MARC view
- Kundu, Pijush K.
Entry Personal Name
001 - CONTROL NUMBER
- control field: 10019
003 - CONTROL NUMBER IDENTIFIER
- control field: NUST
005 - DATE AND TIME OF LATEST TRANSACTION
- control field: 20180223061818.0
008 - FIXED-LENGTH DATA ELEMENTS
- fixed length control field: 180223|| aca||aabn | a|a d
040 ## - CATALOGING SOURCE
- Original cataloging agency: NUST
- Transcribing agency: NUST
100 ## - HEADING--PERSONAL NAME
- Personal name: Kundu, Pijush K.
670 ## - SOURCE DATA FOUND
- Source citation: Work cat.: (NUST): Kundu, Pijush K., Fluid Mechanics /, 2016.
